THIN LAYER CHROMATOGRAPHIC ATLAS OF AYURVEDIC PHARMACOPOEIAL DRUGS PART-1 (Record no. 25008)

MARC details
000 -LEADER
fixed length control field 00444nam a22001577a 4500
003 - CONTROL NUMBER IDENTIFIER
control field SGT
020 ## - INTERNATIONAL STANDARD BOOK NUMBER
International Standard Book Number 9788190648985
082 ## - DEWEY DECIMAL CLASSIFICATION NUMBER
Classification number 615.53
Item number T09A
100 ## - MAIN ENTRY--PERSONAL NAME
Personal name AYUSH, GOVT OF INDIA
245 ## - TITLE STATEMENT
Title THIN LAYER CHROMATOGRAPHIC ATLAS OF AYURVEDIC PHARMACOPOEIAL DRUGS PART-1
260 ## - PUBLICATION, DISTRIBUTION, ETC. (IMPRINT)
Place of publication, distribution, etc NEW DELHI
Name of publisher, distributor, etc AYUSH
Year of Publication 2009
300 ## - PAGE DESCRIPTION
No. of Pages 163
650 ## - SUBJECT ADDED ENTRY--TOPICAL TERM
Topical term or geographic name as entry element AYURVEDA
653 ## - KEYWORDS--INDEX TERM
Keyword term THIN, LAYER, CHROMATOGRAPHIC, ATLAS , PHARMACOPOEIAL, DRUGS
942 ## - ADDED ENTRY ELEMENTS (KOHA)
Source of classification or shelving scheme Dewey Decimal Classification
Koha item type Books
Holdings
Withdrawn status Lost status Source of classification or shelving scheme Damaged status Use restrictions Not for loan Collection code Home library Current library Shelving location Date acquired Vendor Name Cost, normal purchase price Volume Information (Serial or Books or Non-Book Material) SGTU Bill Number Full call number Accession No. (Barcode) Date last seen Bill Date Koha item type
    Dewey Decimal Classification   Restricted Access   AYURVEDA SGT FA-FP Library SGT FA-FP Library Reference Book 07/09/2023 ABC, PVT.LTD 500.00 1 SGTU 16912 615.53 T09A FA11931 07/09/2023 17/06/2023 Books
    Dewey Decimal Classification   Restricted Access   AYURVEDA SGT FA-FP Library SGT FA-FP Library Reference Book 07/09/2023 ABC, PVT.LTD 500.00 1 SGTU 16912 615.53 T09A FA11932 07/09/2023 17/06/2023 Books